00000000nam 2200000zi 4500
0019.954280
003CaOODSP
00520250820110217
006m     o  d f      
007cr mn ||||||||
008250820e20241120onc     obs  f000 0 fre d
040 |aCaOODSP|bfre|erda|cCaOODSP
043 |an-cn-on
0861 |aCS82-003/2024-11-1F-PDF
1001 |aMittmann, Nicole, |eauteur.
24510|aMise à jour des coûts du cancer du sein pour les femmes selon le stade de la maladie et la phase de soins à l’aide de bases de données fondées sur la population / |cpar Nicole Mittmann, Soo Jin Seung, Zharmaine Ante, Ning Liu, Jean HE Yong, Abeer Yusuf, Anna M. Chiarelli et Craig C. Earle.
264 1|a[Ottawa] : |bStatistique Canada = Statistics Canada, |cle 20 novembre 2024.
264 4|c©2024
300 |a1 ressource en ligne (12 pages).
336 |atexte|btxt|2rdacontent/fre
337 |ainformatique|bc|2rdamedia/fre
338 |aressource en ligne|bcr|2rdacarrier/fre
4901 |aRapports sur la santé, |x1209-1375 ; |vvol. 35, no. 11, [1]
500 |aPublié aussi en anglais sous le titre : Updated breast cancer costs for women by disease stage and phase of care using population-based databases.
504 |aComprend des références bibliographiques (page 12).
520 |a« La présente étude a pour but d’évaluer les coûts du système de soins de santé et l’utilisation des ressources pour les femmes adultes ayant un cancer du sein en Ontario, au Canada. L’objectif est de mettre à jour les coûts par stade, âge et phase de soins du point de vue du système de soins de santé » -- Page 3.
650 6|aSein|xCancer|zOntario|vStatistiques.
650 6|aSein|xCancer|xTraitement|zOntario|xCoût|vStatistiques.
655 7|aStatistiques|2rvmgf
7102 |aStatistique Canada, |eorganisme de publication.
77508|tUpdated breast cancer costs for women by disease stage and phase of care using population-based databases / |w(CaOODSP)9.954273
830#0|aRapports sur la santé (Collection)|x1209-1375 ; |vvol. 35, no. 11, [1].|w(CaOODSP)9.950257
85640|qPDF|s653 Ko|uhttps://publications.gc.ca/collections/collection_2025/statcan/82-003-x/CS82-003-2024-11-1-fra.pdf
85641|qHTML|sS.O.|uhttps://www150.statcan.gc.ca/n1/pub/82-003-x/2024011/article/00001-fra.htm